Good Earth Keeping;A Practical Guide of Eco-Friendly Tips/ (Record no. 197699)

MARC details
000 -LEADER
fixed length control field 00581nam a22001817a 4500
005 - DATE AND TIME OF LATEST TRANSACTION
control field 20231013110012.0
010 ## - LCCN (DPL NO)
LC control number ENG-137898
020 ## - INTERNATIONAL STANDARD BOOK NUMBER
Terms of availability 350.00
International Standard Book Number 9788189640866
035 ## - SYSTEM CONTROL NUMBER
System control number EN-121428
037 ## - SOURCE OF ACQUISITION
Source of stock number/acquisition Bookwell Publications
082 ## - DEWEY DECIMAL CLASSIFICATION NUMBER
Classification number 363.7
100 ## - MAIN ENTRY--PERSONAL NAME
Personal name Khaira,Surjeet Singh
245 ## - TITLE STATEMENT
Title Good Earth Keeping;A Practical Guide of Eco-Friendly Tips/
Statement of responsibility, etc by Surjeet Singh Khaira
260 ## - PUBLICATION, DISTRIBUTION, ETC. (IMPRINT)
Place of publication, distribution, etc New Delhi
Name of publisher, distributor, etc Bookwell
Date of publication, distribution, etc 2010
270 ## - ADDRESS
Address 24/4800, Ansari Road, Daryaganj
City New Delhi
Postal code 110002
300 ## - PHYSICAL DESCRIPTION
Dimensions 22cm(Hb)
Extent 116p.
942 ## - ADDED ENTRY ELEMENTS (KOHA)
Source of classification or shelving scheme Dewey Decimal Classification
Item type English Books
Call number suffix KHA
Classification part 363.7
Holdings
Withdrawn status Lost status Not for loan Collection code Home library Current library Date acquired Source of acquisition Cost, normal purchase price Full call number Barcode Copy number Cost, replacement price Koha item type
      Non-fiction Bawana Bawana 31/08/2023 DBAD/PUB 350.00 KHA 363.7 EN-121428 1 350.00 English Books

© Delhi Public Library
Hit Counter
free hit counter